00732 a2200193 4500003000400000005001700004008004100021020001800062040000900080082001700089100002300106245003200129260003900161300000900200942004200209952013500251952013500386999001700521OSt20231218154553.0231218b |||||||| |||| 00| 0 eng d a9789350726051 coclc a89143bSET/J aSeth, Rajee910175 aJAHAN SE UJAS /cRajee Seth aNew Delhi:bVani Prakashan,c2013. a147p 2ddccBKh891.43iSET/Jk891.43mSET/J 00102ddc40708MEMOIRSaMESbMEScHINd2023-12-18l0o891.43 SET/Jp43121r2023-12-18 15:43:52t1v125.00w2023-12-18yBKzGR7R4 00102ddc40708MEMOIRSaMESbMEScHINd2023-12-18l0o891.43 SET/Jp43122r2023-12-18 15:46:53t2v395.00w2023-12-18yBKzGR7R4 c43487d43487